[Event "GRE-chT 43rd"]
[Site "Porto Rio"]
[Date "2015.10.10"]
[Round "5.12"]
[White "Terzis, Filippos Stamatis"]
[Black "Kalofonos, Panayotis"]
[Result "1/2-1/2"]
[WhiteElo "1821"]
[BlackElo "2089"]
[PlyCount "158"]
[EventDate "2015.10.08"]
[EventType "team-swiss"]
[EventRounds "7"]
[EventCountry "GRE"]
[SourceTitle "CBM 168 Extra"]
[Source "ChessBase"]
[SourceDate "2015.10.29"]
[SourceVersion "1"]
[SourceVersionDate "2015.10.29"]
[SourceQuality "1"]
[WhiteTeam "Patron"]
[BlackTeam "Aigaleo"]
[WhiteTeamCountry "GRE"]
[BlackTeamCountry "GRE"]

1. e4 d5 2. exd5 Qxd5 3. Nc3 Qd6 4. d4 c6 5. Nf3 Bg4 6. Be3 Nf6 7. h3 Bh5 8. g4 Bg6 9. Ne5 e6 10. Qe2 Be7 11. Bg2 Nbd7 12. f4 Qb4 13. 0-0-0 Nxe5 14. dxe5 Nd5 15. Nxd5 cxd5 16. Rhf1 f5 17. Rd4 Qa5 18. Bd2 Qc7 19. g5 0-0 20. Bb4 Rfc8 21. Qd2 Be8 22. Rf3 Bb5 23. Bf1 Bxf1 24. Rxf1 Bxb4 25. Rxb4 Qe7 26. Rf3 Rc5 27. Rbb3 Rac8 28. Rbc3 b6 29. h4 R8c6 30. h5 Qc7 31. Rxc5 Rxc5 32. h6 g6 33. Rd3 Kf7 34. Rd4 Rc4 35. b3 Rc6 36. Kb2 b5 37. a4 a6 38. Qd3 Qa5 39. Rxd5 exd5 40. Qxd5+ Re6 41. Qd7+ Re7 42. e6+ Kf8 43. Qd4 Rxe6 44. Qg7+ Ke8 45. Qxh7 bxa4 46. Qh8+ Kd7 47. h7 axb3 48. Qd4+ Rd6 49. Qa7+ Kc6 50. Qa8+ Kc5 51. Qa7+ Kd5 52. Qa8+ Rc6 53. Qg8+ Ke4 54. Qxb3 Rb6 55. h8Q Rxb3+ 56. Kxb3 Qd5+ 57. c4 Qd1+ 58. Kb4 Kxf4 59. Qf6 Qe1+ 60. Kb3 Qg3+ 61. Kb4 Qxg5 62. Qxa6 Qe7+ 63. c5 Kg5 64. Qf1 Qb7+ 65. Ka5 f4 66. Qg1+ Kf5 67. Qc1 f3 68. c6 Qc7+ 69. Kb5 g5 70. Qc2+ Kg4 71. Qd1 Kf5 72. Qxf3+ Kg6 73. Qd3+ Kf6 74. Qf3+ Kg6 75. Qd3+ Kh6 76. Qh3+ Kg6 77. Qd3+ Kf6 78. Qf3+ Ke7 79. Qe4+ Kf6 1/2-1/2

[Event "GRE-chT 41st"]
[Site "Achaia"]
[Date "2013.07.04"]
[Round "4.8"]
[White "Koutroukis, Andreas"]
[Black "Terzis, Filippos Stamatis"]
[Result "1-0"]
[WhiteElo "1922"]
[BlackElo "1760"]
[PlyCount "75"]
[EventDate "2013.07.02"]
[EventType "team-swiss"]
[EventRounds "7"]
[EventCountry "GRE"]
[SourceTitle "CBM 155 Extra"]
[Source "ChessBase"]
[SourceDate "2013.08.26"]
[SourceVersion "1"]
[SourceVersionDate "2013.08.26"]
[SourceQuality "1"]
[WhiteTeam "Marion Thunder Oreokastrou"]
[BlackTeam "Patron CN"]
[WhiteTeamCountry "GRE"]
[BlackTeamCountry "GRE"]

1. e4 c5 2. Nf3 Nc6 3. d4 cxd4 4. Nxd4 g6 5. c4 Bg7 6. Be3 d6 7. Nc3 Nf6 8. Be2 Nxd4 9. Bxd4 0-0 10. 0-0 b6 11. Qd2 Bb7 12. f3 Qd7 13. Rfc1 Rad8 14. a4 Rb8 15. a5 Bc6 16. axb6 axb6 17. Ra6 Qd8 18. Nd5 Nd7 19. Bxg7 Kxg7 20. b4 f5 21. exf5 Rxf5 22. Bd3 Rf7 23. Be4 Qc8 24. Raa1 Ne5 25. Qd4 Kg8 26. Nxb6 Qb7 27. Nd5 e6 28. Nc3 Bxe4 29. Nxe4 Rxf3 30. Nxd6 Qg7 31. Re1 Ra3 32. Rad1 Nc6 33. Qxg7+ Kxg7 34. b5 Na5 35. Rxe6 Rc3 36. Re7+ Kg8 37. Ne4 Kf8 38. Rxh7 1-0

[Event "GRE-chT 40th"]
[Site "Achaia"]
[Date "2012.07.03"]
[Round "5.8"]
[White "Terzis, Filippos Stamatis"]
[Black "Kolomvakis, Stelios"]
[Result "1/2-1/2"]
[WhiteElo "1738"]
[BlackElo "1806"]
[PlyCount "82"]
[EventDate "2012.06.30"]
[EventType "team-swiss"]
[EventRounds "7"]
[EventCountry "GRE"]
[SourceTitle "CBM 149 Extra"]
[Source "ChessBase"]
[SourceDate "2012.08.24"]
[SourceVersion "1"]
[SourceVersionDate "2012.08.24"]
[SourceQuality "1"]
[WhiteTeam "Patron"]
[BlackTeam "Heraklion DAA"]
[WhiteTeamCountry "GRE"]
[BlackTeamCountry "GRE"]

1. e4 c5 2. c3 Nf6 3. e5 Nd5 4. d4 cxd4 5. Nf3 Nc6 6. cxd4 e6 7. Bc4 Nb6 8. Bb3 Be7 9. 0-0 d5 10. Nc3 a6 11. Re1 Bd7 12. Bf4 Qc7 13. Qd2 h6 14. h4 Rc8 15. Rac1 Qb8 16. Bxd5 0-0 17. Be4 Nc4 18. Qe2 b5 19. g3 Bb4 20. Bb1 h5 21. Qd3 g6 22. Ne4 Rfd8 23. Nf6+ Kh8 24. Ng5 Ne7 25. Nxf7+ Kg7 26. Nxd8 Rxd8 27. Nxd7 Rxd7 28. Re2 Nf5 29. Rxc4 bxc4 30. Qxc4 Rxd4 31. Qb3 Nxh4 32. Bg5 Nf5 33. Bxf5 exf5 34. a3 Qb5 35. Qe6 Qb7 36. Bf6+ Kh6 37. Bg5+ Kxg5 38. Qf6+ Kh6 39. Qh8+ Kg5 40. Qf6+ Kh6 41. Qh8+ Kg5 1/2-1/2

[Event "GRE-chT 39th"]
[Site "Eretria"]
[Date "2011.07.05"]
[Round "4.14"]
[White "Terzis, Filippos Stamatis"]
[Black "Mavromihalis, Konstantinos"]
[Result "0-1"]
[WhiteElo "1713"]
[BlackElo "1816"]
[PlyCount "78"]
[EventDate "2011.07.03"]
[EventType "team-swiss"]
[EventRounds "7"]
[EventCountry "GRE"]
[SourceTitle "CBM 143 Extra"]
[Source "ChessBase"]
[SourceDate "2011.08.29"]
[SourceVersion "1"]
[SourceVersionDate "2011.08.29"]
[SourceQuality "1"]
[WhiteTeam "Patron"]
[BlackTeam "Kalamata Chess Union"]
[WhiteTeamCountry "GRE"]
[BlackTeamCountry "GRE"]

1. e4 e6 2. d4 d5 3. exd5 exd5 4. Bd3 Bd6 5. Nf3 Nf6 6. 0-0 0-0 7. Bg5 Bg4 8. Nbd2 Nbd7 9. c3 c6 10. Re1 Qc7 11. Qc2 Rfe8 12. Rac1 Bh5 13. b4 Bg6 14. a3 a5 15. Bxg6 hxg6 16. Bh4 b5 17. Bg3 a4 18. Qd3 Kf8 19. Kf1 Rxe1+ 20. Rxe1 Re8 21. Rxe8+ Nxe8 22. Qe3 Bxg3 23. hxg3 f6 24. Qd3 Kf7 25. Nh4 Nf8 26. Nhf3 Nd6 27. Qe2 Qe7 28. Ne1 Nd7 29. Nd3 Nb6 30. Nb2 Ne4 31. Nxe4 Qxe4 32. Qxe4 dxe4 33. Ke2 Ke6 34. Kd2 Kd5 35. Kc1 Nc4 36. Nd1 f5 37. Ne3+ Nxe3 38. fxe3 Kc4 39. Kc2 g5 0-1

[Event "GRE CupT"]
[Site "Vrachati"]
[Date "2011.06.12"]
[Round "1"]
[White "Terzis, Filippos Stamatis"]
[Black "Simeonidis, Ioannis"]
[Result "0-1"]
[WhiteElo "1699"]
[BlackElo "2244"]
[PlyCount "90"]
[EventDate "2011.06.12"]
[EventType "match"]
[EventRounds "1"]
[EventCountry "GRE"]
[SourceTitle "EXT 2012"]
[Source "ChessBase"]
[SourceDate "2011.11.24"]
[SourceVersion "1"]
[SourceVersionDate "2011.11.24"]
[SourceQuality "1"]

1. e4 c6 2. d4 d5 3. exd5 cxd5 4. Nf3 Nc6 5. Bd3 Bg4 6. c3 Qc7 7. a4 e6 8. Nbd2 Bd6 9. h3 Bh5 10. 0-0 Nge7 11. Re1 h6 12. Qe2 0-0-0 13. b4 g5 14. b5 Na5 15. Ba3 Bxa3 16. Rxa3 Kb8 17. Qe5 Rc8 18. Qxc7+ Rxc7 19. Ne5 Rg8 20. Ndf3 Bxf3 21. Nxf3 Nc8 22. Nd2 Nd6 23. Nb1 Rcc8 24. Ra2 Kc7 25. Kh2 Kb6 26. Rf1 Nac4 27. f3 Ka5 28. Rff2 Rc7 29. Rfe2 a6 30. bxa6 bxa6 31. Kg3 Rb8 32. Re1 Rcb7 33. Na3 Nxa3 34. Rxa3 Rb2 35. Re2 Nf5+ 36. Kf2 Rxe2+ 37. Bxe2 Rb2 38. g4 Nh4 39. Kf1 Ng6 40. Ke1 Nf4 41. Bf1 h5 42. c4 dxc4 43. Rc3 hxg4 44. hxg4 Rb1+ 45. Kf2 Nd5 0-1

[Event "Patron CC-ch"]
[Site "Greece"]
[Date "2008.01.07"]
[Round "7"]
[White "Pitselis, Grigorios"]
[Black "Terzis, Filippos Stamatis"]
[Result "1-0"]
[WhiteElo "2132"]
[BlackElo "1190"]
[PlyCount "61"]
[EventDate "2008.01.02"]
[EventType "swiss"]
[EventRounds "7"]
[EventCountry "GRE"]
[SourceTitle "EXT 2010"]
[Source "ChessBase"]
[SourceDate "2010.11.25"]
[SourceVersion "1"]
[SourceVersionDate "2010.11.25"]
[SourceQuality "1"]

1. d4 Nf6 2. Nf3 g6 3. c4 Bg7 4. Nc3 d6 5. e4 0-0 6. h3 Nbd7 7. Bd3 c5 8. d5 a6 9. 0-0 Ne8 10. Bf4 Nc7 11. a4 a5 12. Qd2 b6 13. Rfe1 Ne5 14. Be2 Na6 15. Nxe5 Bxe5 16. Bxe5 dxe5 17. Bg4 Nc7 18. Qg5 Ne8 19. Qxe5 Nd6 20. b3 Re8 21. Rad1 Bxg4 22. hxg4 e6 23. dxe6 Rxe6 24. Qg3 Qb8 25. f3 Qc7 26. Re2 Ne8 27. Qxc7 Nxc7 28. Rd7 Rc8 29. Red2 Rc6 30. Rd8+ Rxd8 31. Rxd8+ 1-0